[Event "RUS-chT 11th"]
[Site "Sochi"]
[Date "2004.04.24"]
[Round "5.3"]
[White "Onischuk, Alexander"]
[Black "Riazantsev, Alexander"]
[Result "1/2-1/2"]
[WhiteElo "2652"]
[BlackElo "2556"]
[Annotator "Ribli,Z"]
[PlyCount "91"]
[EventDate "2004.04.20"]
[EventType "team-tourn"]
[EventRounds "9"]
[EventCountry "RUS"]
[SourceTitle "EXT 2020"]
[Source "ChessBase"]
[SourceDate "2019.10.17"]
[SourceVersion "1"]
[SourceVersionDate "2019.10.17"]
[SourceQuality "1"]
[WhiteTeam "Norilsk Norilsky Nikel"]
[BlackTeam "Nizhny Tagil Politekhnik"]
[WhiteTeamCountry "RUS"]
[BlackTeamCountry "RUS"]

1. c4 Nf6 2. Nc3 e6 3. e4 {Die Mikenas-Variante ist heutzutage wieder populär.
Nachfolgen können wir scharfes, konkretes Spiel sehen, was nicht so typisch
für die Englische Eröffnung ist.} d5 4. e5 d4 5. exf6 dxc3 6. bxc3 Qxf6 7. d4 {
Das ist die prinzipielle Fortsetzung, aber 7.Nf3 e5 8.Bd3 ist auch interessant,
mit schneller Entwicklung und nur mit späterem d2-d4.} e5 8. Nf3 exd4 9. Bg5
Qe6+ 10. Be2 f6 {Die ruhige Alternative wäre 10...Be7, aber in diesem Fall
kann Weiß nach 11.cxd4 seine Bauernstruktur verbessern, während Weiß nach der
Partiefortsetzung mit dem c-Doppelbauern weiterspielen muss.} (10... Be7) (
10... d3 $2 11. O-O $1 Be7) 11. Nxd4 Qf7 12. Bf4 (12. Bh4) 12... Bc5 (12... c6
$6 13. Bg4 $1 Na6 14. O-O Be7 15. Bxc8 Rxc8 16. Nf5 O-O 17. Nxe7+ Qxe7 18. Bd6
$18 {Renet,O-Van Gisbergen,S/Groningen/1992/}) 13. Nb3 $5 (13. O-O O-O 14. Nb5
(14. Qc2 Na6 15. Rab1 Rd8 16. Rfd1 c6 17. Rd3 Bf8 $10 {Lautier,J-Yusupov,A/
Munchen/1993/0,5 (50) Inf 57/17/}) 14... Na6 15. Qd5 c6 16. Qxf7+ Rxf7 17. Nd6
Re7 18. Rfe1 g5 19. Nxc8 $5 Rxc8 20. Bg4 Rxe1+ (20... Rce8 21. Bd2 $14) 21.
Rxe1 $16 Rd8 22. Bc1 $14 (22. Bg3 Rd2 23. h4 gxh4 24. Bxh4 Rxa2 25. Re8+ Kg7
26. Rd8 $44) 22... Kg7 23. Bf5 Nc7 (23... h5 $5) 24. g4 Ne8 $6 (24... Re8 $5
25. Rd1 Re7 {/\Ne8-d6/}) 25. Be3 $1 {1/2-1/2 Schwartzman,G-Timoshenko,G/
Bucharest 1993/CBM 40/(50)}) (13. Nb5 Na6 14. Qd5 O-O 15. Nxc7 Nxc7 16. Bxc7 (
16. Qxc5 Ne6 17. Qe3 Nxf4 18. Qxf4 Re8 $44) 16... Be6 17. Qxc5 Rfc8 $15) (13.
Qa4+ c6 14. Nb3 Na6 15. Nxc5 Nxc5 16. Qb4 b6 17. Bd6 Ne4 18. c5 Nxd6 19. cxd6
O-O 20. O-O Be6 21. a4 Rad8 22. Qd4 c5 23. Qf4 g5 24. Qg3 {1/2-1/2 Nogueiras,
J-Timoshenko,G/Cappelle la Grande 2004/CBM 99 ext (24)}) 13... Na6 (13... Ba3
14. O-O O-O 15. Bf3 c6 16. Qd4 Na6 17. c5 $13 {Landenbergue,C-Masserey,Y/Biel/
1994/CBM43/ Weiß hat Initiative für den Doppelbauern auf der c-Linie.}) 14.
Nxc5 Nxc5 15. Be3 {Weiß hat das Läuferpaar und einige Initiative, aber seine
Doppelbauern sind schwach auf der c-Linie. Andererseits hat Schwarz eine
gesunde Bauernstruktur und keine Schwächen.} Ne4 16. Bd3 f5 (16... Bf5 $2 17.
Qb1 Nxc3 18. Qxb7 $18) (16... Nd6 17. Qb1 g6 18. O-O $14) (16... Nxc3 $4 17.
Qc2 $18) 17. f3 Nf6 18. O-O O-O 19. Re1 Be6 20. Qc2 {[%mdl 4] Das ist die
vorbereitete Neuerung des Weißspielers. Er greift den f5-Bauern an und möchte
sich von seinen c-Bauern befreien.} (20. Bd4 Rad8 {Natürlich nicht 20...Bc4 21.
Bf5+/= und Weiß hat einen klaren Vorteil, weil der f5-Bauer viel wichtiger als
der c4 ist.} 21. c5 b6 22. Qe2 (22. Qc2 $5) 22... Rfe8 23. Bb5 Nd7 (23... Bd7
24. Bc4 Nd5 25. Qf2 $14) 24. cxb6 (24. c6 $2 Nb8 $132 {><c6}) 24... axb6 25. a4
Bd5 26. Qb2 c6 $6 (26... Bc4 $1 $10) (26... c5 $2 27. Bf2 $16) 27. Bf1 c5 28.
Bf2 Bc4 29. Rxe8+ $2 (29. Bxc4 Qxc4 30. Red1 $1 Qe6 31. Qb5 Ne5 32. Re1 $16)
29... Rxe8 {1/2-1/2 Salov,V-Jussupow,A/Madrid 1995/CBM 47/(48)}) 20... Nd7 $11
(20... Bxc4 21. Bxf5 $14) (20... g6 21. c5 Nd5 22. Bd4 $14) 21. c5 {Weiß muss
so spielen, sonst spielt Schwarz selbst 21...c5, wonach der c4P eine ewige
Schwäche wird.} b6 (21... Bc4 22. Bxc4 Qxc4 23. Qb3 Qxb3 24. axb3 $14) (21...
Ne5 22. Bf1 Bc4 $11 (22... Qg6 23. Kh1 f4 24. Qxg6 Nxg6 25. Bd4 Bd5 $11)) 22.
cxb6 axb6 {[%cal Ga8a2,Ge6a2]} 23. Bb5 $1 {[%csl Gb5,Ge3] Die weiße
Bauernstruktur ist schlechter, aber Weiß hat das Läuferpaar.} Ne5 (23... Rxa2
$4 24. Rxa2 Bxa2 25. Bxd7 Bb3 26. Qb2 $18) 24. Bf2 Ng6 (24... Nc4 $6 25. Rxe6
Qxe6 (25... Na3 26. Qb3 Nxb5 27. Rae1 Nd6 28. Bd4 $16) 26. Qb3 $18) 25. c4 Rfd8
(25... Bd7) 26. a4 Bd7 {Schwarz muss den starken b5-Läufer tauschen.} 27. Bxd7
Rxd7 28. c5 bxc5 29. Bxc5 $14 {[%csl Ga4,Gc5] Mit entferntem Freibauern, der
durch den Läufer unterstütz werden kann; Weiß hat einen kleinen
Positionsvorteil.} (29. Qxc5 Nf4 30. Qc6 Rad8 $132) 29... Nf4 {[%cal Gf4d3,
Gd3e1,Gd3c5] Schwarz muss seinen Springer ins Spiel bringen.} 30. Red1 Rxd1+ (
30... Rad8 $6 31. Rxd7 Qxd7 (31... Rxd7 32. a5 $16) 32. Qc4+ Nd5 33. a5 $16)
31. Rxd1 (31. Qxd1 $6 Qc4 $36) 31... h6 (31... Qe6) 32. Be3 Nd5 33. Qc6 Re8 (
33... Rd8 34. Bc5 $16) 34. Qxd5 $6 {Nach dieser Vereinfachung bekommt Weiß ein
besseres Turmendspiel, aber ich glaube, es wäre besser für ihn gewesen, die
Leichtfiguren auf dem Brett zu behalten.} (34. Bf2 $5 $16) 34... Rxe3 (34...
Qxd5 $2 35. Rxd5 Rxe3 36. Rxf5 $16) 35. Qxf7+ Kxf7 36. Ra1 {[%csl Ga1][%cal
Ga4a5,Ga5a6][%mdl 4096] Weiß hat einen entfernten Freibauern im Turmendspiel
und der weiße Turm hat die ideale Stellung hinter seinem Bauern.} Re6 {Schwarz
muss den a-Freibauern so schnell wie möglich blockieren.} (36... Re5 $2 37. a5
$16) 37. Kf2 (37. a5 Ra6 38. Kf2 Ke6 39. Ke3 Kd5 $11) 37... Ra6 38. Ke3 Ke6 39.
Kd4 Ra5 {[%csl Ga5][%cal Ga5a1,Ga5h5] Der schwarze Turm steht gut, er
blockiert den a-Bauern und verteidigt die fünfte Reihe.} 40. Kc4 Kd7 41. Kb4
Re5 $1 $11 {Schwarz verteidigt sich gut - der König ist eine weniger wirksame
Figur, aber er kann den Freibauern blockieren und mit aktivem Turm kann
Schwarz Gegenspiel bekommen.} 42. a5 Kc8 {[%csl Gc8,Ge5]} 43. a6 Kb8 44. Rc1 (
44. Ra2 Ka7 $11) 44... Re2 $11 {[%cal Re2h2]} 45. a7+ Ka8 (45... Kxa7 $2 46.
Rxc7+ Kb6 47. Rxg7 $16) 46. Rxc7 (46. Rxc7 Rxg2 47. h4 g5 48. hxg5 hxg5 $11)
1/2-1/2

[Event "Villa Martelli"]
[Site "Villa Martelli"]
[Date "1998.05.26"]
[Round "7"]
[White "Rojas Keim, Luis Alberto"]
[Black "Milos, Gilberto"]
[Result "0-1"]
[WhiteElo "2455"]
[BlackElo "2555"]
[Annotator "Ribli,Z"]
[PlyCount "64"]
[EventDate "1998.05.??"]
[EventType "tourn"]
[EventRounds "9"]
[EventCountry "ARG"]
[EventCategory "9"]
[SourceTitle "CBM 065"]
[Source "ChessBase"]
[SourceDate "1998.08.06"]
[SourceVersion "1"]
[SourceVersionDate "1998.08.06"]
[SourceQuality "1"]

1. c4 Nf6 2. Nc3 e6 3. e4 {Die Mikanas-Variante führt zu scharfem Spiel mit
beiderseitigen Chancen. Ribli.} d5 (3... c5 4. e5 Ng8 5. Nf3 Nc6 6. d4 cxd4 7.
Nxd4 Nxe5 8. Ndb5 {Das ist eine kritische Stellung der Variante. Weiß hat
aktives Figurenspiel und starken schwarzfeldrigen Druck für den geopferten
Bauern.}) 4. cxd5 {Meines Erachtens ist es besser, 4.e5 zu ziehen.} exd5 5. e5
Ne4 6. Nf3 Bf5 $5 (6... Nc6 7. Bb5 Nxc3 (7... Be7 8. Qa4 Nxc3 9. Bxc6+ bxc6 10.
Qxc6+ Bd7 11. Qxc3 c5 12. d4 cxd4 13. Nxd4 Rc8 14. Qe3 Qb6 15. O-O Bc5 16. Rd1
O-O 17. Qf4 f6 18. Be3 Rce8 19. exf6 Rxf6 20. Qg5 Qd6 21. Nc2 Rf5 22. Qg3 Qb6
23. b4 {1-0 Serper,G-Skomorokhin,R/Kstovo op 1994 (26)}) 8. dxc3 Be7 9. Bf4 O-O
10. O-O Bf5 11. Re1 Nb8 12. Nd4 Bg6 13. e6 f5 14. Qb3 c5 15. Nf3 Nc6 16. Rad1
c4 17. Qa4 Be8 18. Ne5 Rc8 19. Nd7 {1-0 Schneider,B-Van Uytven,E/BEL-chT9697
1997 (22)}) 7. d4 (7. Be2 Nc6 8. d3 (8. d4 Be7 9. O-O O-O 10. Be3 Kh8 11. Nd2
Nxc3 12. bxc3 f6 13. f4 fxe5 14. fxe5 Qd7 {Und hier wurde remis gegeben in der
Partie Horvath,Jo - Schneider,A,Budapest 1984.}) 8... Nxc3 9. bxc3 d4 10. cxd4
Bb4+ 11. Bd2 Bxd2+ 12. Qxd2 Nxd4 13. Nxd4 Qxd4 14. Rb1 b6 15. O-O O-O 16. Qe3
Rad8 {Shurygin,S-Stocek,J/Pardubice op 1995/0-1 (65)}) (7. Qb3 Nc5 8. Qxd5 Nc6
9. d4 (9. Bb5 Qxd5 10. Nxd5 O-O-O $44) 9... Nb4 10. Qxd8+ Rxd8 11. Bg5 Nc2+ 12.
Kd2 Rd7 13. Rd1 Nxd4 14. Nxd4 Rxd4+ 15. Kc1 Rxd1+ 16. Kxd1 Be7 17. Bxe7 Kxe7
18. Kd2 Rd8+ 19. Ke3 $11 {Murrey,J-Sharif,M/Marseille 1987/1-0 (66)}) 7... Bb4
(7... Nxc3 8. bxc3 Nd7 9. a4 a5 10. Bb5 Be7 11. O-O O-O 12. Ba3 Nb6 13. Bxe7
Qxe7 14. Bd3 Bxd3 15. Qxd3 {1/2-1/2 Vautrin,S-Guthmann,A/RLPF-ch 1991}) 8. Bd2
Nxd2 9. Qxd2 O-O $11 {Das Läuferpaar und die gute Entwicklung bieten dem
Schwarzen Ausgleich, weil der weiße Raumvorteil im Zentrum angesichts der
schwarzen Möglichkeit ...f7-f6 nicht so bedeutend ist.} 10. Bd3 $6 (10. Be2 c5
11. dxc5 (11. O-O Nc6 $11) (11. O-O-O Qa5 $36) 11... Nc6 12. Rd1 $13 (12. O-O
d4 13. Qf4 (13. a3 dxc3 14. Qxd8 Rfxd8 15. axb4 cxb2 $17 {[%csl Gb2,Gf5][%cal
Rb2b1]}) 13... dxc3 14. Qxf5 cxb2 15. Rab1 Nd4 16. Nxd4 Qxd4 17. Rfd1 $11) (12.
a3 Bxc3 13. Qxc3 d4 $44)) 10... Be4 {[%csl Gb4,Rd2,Re1,Ge4] Schwarz hat
aktives Figurenspiel und seine beide Läufer stehen dabei besonders gut.} 11. a3
(11. Bxe4 dxe4 12. Ng5 Nc6 13. Rd1 (13. Ngxe4 Qxd4 $15) (13. a3 Be7 14. Ngxe4
Qxd4 $15 (14... Nxd4 $15)) 13... Nxd4 14. Qxd4 Bxc3+ 15. Qxc3 Qxg5 $15) (11.
O-O Bxf3 12. gxf3 Qh4 $15 (12... c5 $36)) 11... Bxc3 12. bxc3 c5 $15 {Schwarz
sprengt das weiße Zentrum.} 13. O-O (13. Bxe4 dxe4 14. Ng5 Qd5 15. Qe3 Nc6 $15)
13... Bxf3 (13... Nc6 $5) 14. gxf3 cxd4 (14... Qh4 {[%csl Rg1,Gh4]}) 15. cxd4
Qh4 {[%csl Rd4,Rg1,Gh4] Noch hängt der Bauer auf d4 nicht, aber der Damenzug
ist auch wegen der schwachen Königssteluung unangenhm für Weiß.} 16. Qe3 Nc6 {
[%csl Rd4]} 17. f4 (17. Rab1 Qxd4 18. Rxb7 Nxe5 $15 19. Qxd4 $2 Nxf3+ 20. Kg2
Nxd4 $17) (17. Rad1 Rae8 18. f4 Re6 $40) 17... f6 18. e6 $5 (18. exf6 $2 Rxf6
$17 {[%csl Rd4,Rf4]}) 18... f5 $1 {[%csl Re6] Der weiße Freibauer auf e6 ist
schwach.} 19. Rab1 Rf6 $1 $40 {[%csl Gf6,Rg1,Gh4]} (19... b6 20. Rfc1 $13) 20.
Rxb7 (20. Kh1 Rh6 21. Qg3 (21. h3 $2 Qxh3+ 22. Qxh3 Rxh3+ $19 {[%cal Rh3h1,
Rh3d3]}) 21... Nxd4 $15) {[#]} 20... Nxd4 $1 $17 21. Rfb1 (21. Qxd4 $2 Qg4+ 22.
Kh1 Qf3+ 23. Kg1 Rg6#) (21. e7 Re6 (21... Ne6 $2 22. Bxf5 $18 (22. Rxa7 $5 $16)
) 22. Qxd4 (22. e8=Q+ Raxe8 $19) 22... Qg4+ 23. Kh1 Qf3+ 24. Kg1 Rg6#) 21...
Nxe6 {[%csl Rf4,Rg1]} 22. Bxf5 (22. Rb8+ Rxb8 23. Rxb8+ Kf7 (23... Nf8) 24.
Rb7+ Kg6 $17) 22... Nxf4 {[%csl Gf4,Gf6,Rg1,Gh4]} (22... Rxf5 $2 23. Qxe6+ $18)
23. Rb8+ Rf8 (23... Rxb8 $2 24. Rxb8+ Rf8 (24... Kf7 25. Qxa7#) 25. Be6+ $18 (
25. Qe6+ $18)) 24. Rxa8 Rxa8 25. Kh1 Rf8 {Schwarz hat einen Bauern mehr und
gute Angriffschancen.} 26. Bd7 Qf6 27. Rd1 Qg6 28. Qf3 (28. Rg1 Qf7 $17 {
[%cal Rf4h3,Rh3g1,Rh3f2,Rf2h1]} (28... Qe4+ $6 {Es ist besser für Schwarz, die
Damen auf dem Brett zu behalten.} 29. Qxe4 dxe4 30. Rf1 $15)) 28... Qd6 29. Ba4
d4 {[%csl Gd4,Gd6,Gf4,Gf8,Rh1]} 30. Bc2 g6 31. Bd3 $2 {Ein letzter Fehler, der
dem weißen wahrscheinlich in Zeitnot unterlief.} (31. Be4 $17) 31... Nxd3 (
31... Qxa3 $4 32. Bc4+ $18 {[%cal Rc4g8,Rf3a3]}) 32. Qxd3 Rxf2 $19 {[%csl Rh1]
[%cal Rf2h2,Rd6h2] und Weiß gab auf. Er hat keinerlei Kompensation für die
zwei Bauern.} (32... Rxf2 33. Qg3 (33. Qc4+ Kf8 (33... Kg7 34. Qxd4+ Qxd4 35.
Rxd4 $15) (33... Kh8 34. Qxd4+ Qxd4 35. Rxd4 $15) 34. Qc8+ Kg7 $19) 33... Qd5+
34. Kg1 Rb2 $19 {Mit zwei Mehrbauern und angesichts der schwachen weißen
Königsstellung steht Schwarz auf Gewinn.}) 0-1

[Event "Oakham YM"]
[Site "Oakham"]
[Date "1992.??.??"]
[Round "5"]
[White "Har Zvi, Ronen"]
[Black "Jirovsky, Milos"]
[Result "1-0"]
[WhiteElo "2350"]
[BlackElo "2425"]
[Annotator "Ribli,Z"]
[PlyCount "59"]
[EventDate "1992.03.??"]
[EventType "swiss"]
[EventRounds "9"]
[EventCountry "ENG"]
[SourceTitle "CBM 030"]
[Source "ChessBase"]
[SourceDate "1992.10.01"]
[SourceVersion "1"]
[SourceVersionDate "1992.10.01"]
[SourceQuality "1"]

1. c4 {Bulletin} Nf6 2. Nc3 e6 3. e4 d5 4. e5 Ne4 5. Nxe4 (5. Nf3 $5 {Lautier,
J-Christiansen,L Biel 1991 CBM/25}) 5... dxe4 6. Qg4 Bd7 (6... Na6 7. Qxe4 Bd7
8. d4 Bb4+ 9. Ke2 Bc6 10. Qd3 Qh4 11. Nf3 Bxf3+ 12. Kxf3 $14 {Huebner,
R-Christiansen,L CBM/27}) (6... c5 $5) 7. Qxe4 Bc6 8. Qe3 Na6 9. d4 Nb4 10. Kd2
$1 {[#]} Qh4 (10... a5 11. a3 Na6 12. Ke1 $1 Be7 13. Bd2 a4 14. Bc3 O-O 15. Nf3
Qd7 16. Rd1 $14 {Chandler-Mednis New York 1980 29/36}) 11. a3 O-O-O 12. Ne2 $1
Ba4 (12... Na6 13. b4 $16) 13. b3 $2 (13. axb4 Bxb4+ 14. Kd3 $18) 13... Bxb3 $1
14. Qxb3 Rxd4+ 15. Nxd4 Qxd4+ 16. Ke2 Qxa1 17. axb4 (17. Bb2 Qb1 18. axb4 Qe4+
$44 (18... Be7 $5)) 17... Qxc1 $15 18. g3 Qa1 19. f4 Be7 20. Bg2 Qa6 21. Rd1
Qb6 $2 (21... Rd8 $5) 22. Qa4 $1 c6 23. c5 Qb5+ 24. Qxb5 cxb5 25. Bxb7+ Kc7 26.
Bf3 Bd8 (26... Rd8 27. Ra1 Kb8 28. Ra5 $18) 27. c6 Rf8 28. Rd7+ Kb8 29. Rb7+
Kc8 30. Rxa7 1-0

[Event "ARG-ch"]
[Site "Buenos Aires"]
[Date "1998.04.22"]
[Round "7"]
[White "Sorokin, Maxim"]
[Black "Zarnicki, Pablo Adrian"]
[Result "0-1"]
[WhiteElo "2575"]
[BlackElo "2515"]
[Annotator "Ribli,Z"]
[PlyCount "78"]
[EventDate "1998.04.15"]
[EventType "tourn"]
[EventRounds "15"]
[EventCountry "ARG"]
[EventCategory "9"]
[SourceTitle "CBM 065"]
[Source "ChessBase"]
[SourceDate "1998.08.06"]
[SourceVersion "1"]
[SourceVersionDate "1998.08.06"]
[SourceQuality "1"]

1. c4 Nf6 2. Nc3 e6 3. e4 d5 4. e5 Ne4 {Eine seltene Fortsetzung. Häufiger
wird die Variante 4...d4 5.exf6 bxc3 6.dxc3 Qxf6 gespielt. Ribli.} 5. Nxe4 {
Auf diese Weise gewinnt Weiß einen Bauern, aber Schwarz erlangt ausgezeichnete
Kompensation. Nach meiner Meinung ist es besser, ohne diesen Bauerngewinn die
Entwicklung so schnell wie möglich abzuschließen.} (5. Nf3) 5... dxe4 6. Qg4 {
[%csl Re4]} Nc6 (6... Qd4 $2 7. Nf3 $16 {[%cal Gg4d4]}) 7. Qxe4 Qd4 8. Qxd4
Nxd4 {[%csl Ra1,Yc2,Gd4,Re1] Schwarz hat einen Bauern weniger, aber sein
Springer steht ausgezeichnet auf d4 und er entfaltet positionellen Druck in
der d-Linie.} 9. Rb1 (9. Bd3 Bd7 10. Ne2 (10. Be4 Bc6 11. Bxc6+ Nxc6 12. Nf3
Nb4 13. Ke2 O-O-O 14. Ne1 Nc6 15. f4 Be7 16. d3 Nd4+ 17. Kf2 f6 18. exf6 Bxf6
$44 {0-1 Kluger,G-Fuchs,R/Kislovodsk 1964 (37)}) 10... Bc5 11. b4 Nxe2 12. Kxe2
Bd4 13. Rb1 Bxe5 {1/2-1/2 Bareev,E-Rozentalis,E/EUCup f 1997}) (9. Kd1 Bc5 (
9... Bd7 10. d3 Bc6 11. Ne2 Bc5) 10. d3 Nc6 11. f4 f6 12. Nf3 fxe5 13. fxe5 O-O
14. Be2 Bd7 15. Bd2 Be8 16. Ng5 Bd7 17. Bg4 Rae8 18. Bc3 Bd4 19. Bxd4 Nxd4 20.
Nf3 Rf4 21. h3 Bc6 22. Nxd4 Rxd4 {1/2-1/2 Dvorietzky,M-Petrosian,T/URS-ch43
1975}) 9... b6 (9... Bd7 10. Ne2 Bc5 11. Nxd4 Bxd4 12. f4 Bc6 13. b4 Ba4 14.
Bd3 O-O-O 15. Be4 f5 16. exf6 gxf6 17. b5 f5 18. Rb4 Bxb5 19. Bxb7+ Kxb7 20.
Rxb5+ Kc6 21. Ke2 Rb8 22. Rxb8 Rxb8 23. Kd3 Rd8 24. Kc2 Rg8 25. g3 h5 26. Bb2
Kc5 27. Bxd4+ Kxd4 28. Re1 Re8 29. d3 Re7 30. Re5 c6 31. Re1 Re8 {1/2-1/2 Zita,
F-Prucha,K/UJCS-17.Kongress 1943 (40)}) 10. Nf3 (10. d3 Bb7 11. Be3 O-O-O $44)
10... Bc5 $44 {[%csl Gc5,Gd4,Re1][%cal Gc8b7,Gb7h1]} (10... Nxf3+ 11. gxf3 Bb7
12. Ke2 {Auch in diesem Fall hat Schwarz positionellen Druck. Weiß plant 13.d3
nebst 14.Be3.}) 11. d3 (11. b4 $2 Nc2+ $17) 11... Bb7 12. Nxd4 (12. Be2 O-O-O
$44) 12... Bxd4 {[%csl Gb7,Gd4,Re1]} 13. Bf4 (13. f4 h5 $44 {[%csl Gb7,Gd4]
[%cal Rh5h4] Schwarz gewinnt Raum am Königsflügel und hat dauerhafte
Kompensation für den geopferten Bauern.}) 13... a5 $1 {Schwarz möchte 14...a4
und dann eventuell 15...Ra5 spielen.} 14. a4 O-O-O 15. f3 h5 $1 {Schwarz übt
großen positionellen Druck auf dem gesamten Brett aus und droht weiteren
Raumgewinn mittels 16...h4.} 16. h4 f6 17. exf6 gxf6 {[%csl Rg2][%cal Gh8g8,
Gg8g2]} 18. Kd2 (18. Be2 {[%csl Re2]} Rhg8 19. Kf1 e5 $15) 18... e5 19. Be3
Rhg8 {[%csl Rf1,Rg2,Gg8] Der schwarze Turm steht sehr aktiv in der g-Linie.
Für Weiß hingegen ist es schwierig, seine Stellung zu verbessern.} 20. Bxd4
Rxd4 {[%csl Rd2,Gd4,Rf1,Rg2,Gg8]} 21. Ke3 (21. Re1 Kd7 {Und wie in der Partie
spielt Schwarz 22...Kd6 nebst 23...f5.}) 21... f5 {[%csl Gd4,Ge5,Gf5,Gg8]} 22.
Re1 Kd7 23. Kf2 Kd6 $15 {[%csl Gd4,Gd6,Ge5,Gf5,Gg8] Alles ist verteidigt,
früher oder später spielt Schwarz den Durchbruch ...e5-e4 und erringt große
Initiative. Es sei zudem angemerkt, daß der schwarze König im Endspiel leicht
über die Felder c5/b4 in den weißen Damenflügel eindringen kann.} 24. g3 (24.
Rh3 $5) 24... e4 25. dxe4 (25. Bg2 $2 exd3 (25... exf3 26. Bxf3 Bxf3 27. Kxf3
Rxd3+ $17 {[%csl Rg3]}) 26. Ke3 c5 $19) 25... fxe4 26. fxe4 $6 (26. Bg2 $5 Rd2+
27. Re2 Rxe2+ 28. Kxe2 Rxg3 (28... exf3+ 29. Bxf3 Re8+ 30. Kf2 Rf8 31. Rd1+ Kc5
32. Rd3 Kxc4 33. Ke2) 29. Kf2 exf3 30. Kxg3 fxg2 31. Rd1+ Kc5 $15 {[%csl Gb7,
Gg2]}) 26... Rf8+ 27. Kg1 $8 Bxe4 {[%csl Gd4,Ge4,Gf8,Rg1,Rh1]} 28. Rh2 (28. Bg2
Bxg2 29. Kxg2 Rd2+ $15 {[%csl Gd2,Rg2]}) 28... Rf3 $17 {[%csl Gd4,Gd6,Ge4,Gf3]
Schwarz hat mehr als ausreichende Kompensation für den Bauern und Weiß kann
seinen Materialsvorteil nicht länger behaupten.} 29. Rhe2 (29. Kg2 $5 {Der
König steht sehr gefährdet in der Diagonalen des Läufers e4, aber es gibt
keinen sofortigen Gewinn.}) 29... Rxg3+ 30. Kf2 (30. Kh2 Rg4 $17 {[%csl Gd4,
Gd6,Ge4,Gg4,Rh2,Rh4]}) 30... Rf3+ 31. Kg1 Rf4 {[%csl Gd4,Gd6,Ge4,Gf4,Rg1,Rh4]}
32. Rh2 Bc6 $17 {[%cal Rd4h4,Rc6a4] Die schwachen Bauern a4 und h4 sind kaum
zu verteidigen.} 33. Rhe2 Rg4+ $1 (33... Bxa4 $17) 34. Kf2 Rdf4+ 35. Ke3 {
[%csl Re1,Re2,Re3] Der weiße König blockiert die eigenen Türme.} Rxh4 (35...
Rxc4 $6 36. Rd2+ {[%cal Rd2d6,Rf1c4]}) 36. b3 Kc5 $19 {Das Eindringen des
schwarzen Königs entscheidet den Kampf.} (36... Rf3+ 37. Kd2 Rxb3 $19) 37. Kd2
Rh1 {[%csl Rf1][%cal Rf4f1,Rh1f1]} 38. Re5+ Kd4 39. Bd3 Rxe1 {Weiß gab auf.
Der h-Freibauer entscheidet unterstützt vom Läufer die Partie.} (39... Rxe1 40.
Rxe1 h4 $19 {[%csl Gc6,Gd4,Gf4,Gh4]} (40... Rf2+ 41. Re2 (41. Be2 Bf3 $19)
41... Rxe2+ 42. Bxe2 h4 $19)) 0-1